Statistics for Quiz about Vendredi sur Mer

Click here to take the quiz!

General Stats

  • This quiz has been taken 3 times
  • The average score is 6 of 26

Answer Stats

HintAnswer% Correct
Ecoute Chérie
100%
La femme à la peau bleue
67%
La femme à la peau bleue
67%
Les filles désir
67%
Les filles désir
67%
Chewing-Gum
33%
L'amour avec toi
33%
L'amour avec toi
33%
Larme à gauche
33%
Larme à gauche
33%
Le Lac
33%
Comment tu vas finir
0%
Dolan
0%
Encore
0%
Premiers émoisJ'aimerais
0%
Je t'aime trop tôt
0%
Laisse-moi
0%
La nuit
0%
Les temps
0%
Les temps
0%
L'histoire sans fin
0%
Marée basseLune est l'autre
0%
Lune est l'autre
0%
Mon chagrin
0%
SinglesMort / Fine
0%
Toi moi mais pas nous
0%

Score Distribution

Percentile by Number Answered

Percent of People with Each Score

Your Score History

You have not taken this quiz